Country Capitals from 'C' by Images - Statistics

General Stats
  • This quiz has been taken 28 times
  • The average score is 6 of 9
Answer Stats
Picture Answer % Correct
Copenhagen
100%
Cairo
89%
Caracas
74%
Canberra
68%
Cape Town
63%
Conakry
63%
Chisinau
58%
Castries
53%
Cotonou
37%
No matching quizzes found
Score Distribution
Percent of People with Each Score
Percentile by Number Answered
Your Score History
You have not taken this quiz